000 00887nam a2200217Ia 4500
001 1243
003 GE_BSU
008 181216s||||||||xx |||||||||||||| ||und||
040 _cGE_BSU
080 _a630(075.3)
100 _aბეროზაშვილი ა.
245 _aტყის კულტურები და სატყეო მელიორაცია.
245 _bსახელმძღვანელო სასოფლო სამეურნეო საშუალო სპეციალური სასწავლებლებისათვის.
260 _aთბილისი.
260 _bგანათლება.
260 _c1981.
300 _a322 გვ.21 სმ.
541 _h15 ლ.
653 _aტყის კულტურები და სატყეო მელიორაცია.
942 _cBK
999 _c35390
_d35390